Statistics for Click the Oceanian Flags

Click here to take the quiz!

General Stats

  • This quiz has been taken 1,277 times
  • The average score is 11 of 14

Answer Stats

HintAnswer% Correct
New Zealand
94%
Australia
91%
Papua New Guinea
87%
Fiji
84%
Palau
83%
Federated States of Micronesia
81%
Kiribati
81%
Tonga
78%
Samoa
76%
Vanuatu
74%
Marshall Islands
73%
Tuvalu
73%
Nauru
73%
Solomon Islands
71%

Score Distribution

Percentile by Number Answered

Percent of People with Each Score

Your Score History

You have not taken this quiz